00377pab a2200133 454500008004000000100002700040245006800067260000900135300001500144362000800159650001800167650001500185773004300200180718b2004 xxu||||| |||| 00| 0 eng d aSamantara, Rabinarayan aConflict management strategies and organisational effectiveness c2004 ap.298-323. aJan aOrganizations aManagement aIndian Journal of Industrial Relations